Electronic commerce 2008: (Record no. 10965)
[ view plain ]
| 000 -LEADER | |
|---|---|
| fixed length control field | 01335nac a22002891u 4500 |
| 008 - FIXED-LENGTH DATA ELEMENTS--GENERAL INFORMATION | |
| fixed length control field | 090226t xxu||||| |||| 00| 0 eng d |
| 010 ## - LIBRARY OF CONGRESS CONTROL NUMBER | |
| LC control number | 2004242089 |
| 020 ## - INTERNATIONAL STANDARD BOOK NUMBER | |
| International Standard Book Number | 9780135135440 |
| 035 ## - SYSTEM CONTROL NUMBER | |
| System control number | (OCoLC)ocm55203885 |
| 082 ## - DEWEY DECIMAL CLASSIFICATION NUMBER | |
| Classification number | 658.84 |
| Item number | TUR |
| 100 ## - MAIN ENTRY--PERSONAL NAME | |
| Personal name | Turban, Efraim. |
| 245 00 - TITLE STATEMENT | |
| Title | Electronic commerce 2008: |
| Remainder of title | a managerial perspective / |
| Statement of responsibility, etc | Efiraim Turban ...[et.al] |
| 260 ## - PUBLICATION, DISTRIBUTION, ETC. (IMPRINT) | |
| Place of publication, distribution, etc | Upper Saddle River, N.J. : |
| Name of publisher, distributor, etc | Prentice Hall, |
| Date of publication, distribution, etc | c2008. |
| 300 ## - PHYSICAL DESCRIPTION | |
| Extent | 910p. : |
| Other physical details | ill. ; |
| Dimensions | 26 cm. |
| 500 ## - GENERAL NOTE | |
| General note | Published: New York, 2002; Peason/Prentice Hall, 2004- |
| 500 ## - GENERAL NOTE | |
| General note | Latest issue consulted: 2006. |
| 650 #0 - SUBJECT ADDED ENTRY--TOPICAL TERM | |
| Topical term or geographic name as entry element | Electronic commerce |
| 650 #0 - SUBJECT ADDED ENTRY--TOPICAL TERM | |
| Topical term or geographic name as entry element | Electronic commerce |
| General subdivision | Management |
| 650 #0 - SUBJECT ADDED ENTRY--TOPICAL TERM | |
| Topical term or geographic name as entry element | Information technology |
| General subdivision | Management |
| Form subdivision | Periodicals. |
| 650 #0 - SUBJECT ADDED ENTRY--TOPICAL TERM | |
| Topical term or geographic name as entry element | Business enterprises |
| General subdivision | Computer networks |
| 700 ## - ADDED ENTRY--PERSONAL NAME | |
| Personal name | Lee, Jae. |
| 700 ## - ADDED ENTRY--PERSONAL NAME | |
| Personal name | King, David. |
| 700 ## - ADDED ENTRY--PERSONAL NAME | |
| Personal name | Chung, H.Michael. |
| 942 ## - ADDED ENTRY ELEMENTS (KOHA) | |
| Item type | Book - Borrowing |
| Call number prefix | 658.84TUR |
| Source of classification or shelving scheme | Dewey Decimal Classification |
| Withdrawn status | Item status | Source of classification or shelving scheme | Damaged status | Not for loan | Vendor | Home library | Current library | Shelving location | Date acquired | Source of acquisition | Cost, normal purchase price | Serial Enumeration / chronology | Total Checkouts | Total Renewals | Full call number | Barcode | Date last seen | Date last borrowed | Koha item type |
|---|---|---|---|---|---|---|---|---|---|---|---|---|---|---|---|---|---|---|---|
| Dewey Decimal Classification | Alahram | Central Library | Central Library | First floor | 26/02/2009 | 225.00 | 365 | 8 | 2 | 658.84 TUR | 000014947 | 15/07/2025 | 14/03/2023 | Book - Borrowing | |||||
| Dewey Decimal Classification | Alahram | Central Library | Central Library | First floor | 26/02/2009 | 225.00 | 366 | 2 | 1 | 658.84 TUR | 000014983 | 15/07/2025 | 09/11/2015 | Book - Borrowing |